Vizualizácia Smart Grid v 3D prostredí Unity

Na minha lista:
Detalhes bibliográficos
Autor principal: Macák, Nicolas (Author)
Outros Autores: Vančo, Marek (Thesis advisor)
Formato: Manuscrito Livro
Idioma:eslovaco
Publicado em: Bratislava : STU v Bratislave FEI, 2022
Assuntos:
Acesso em linha:https://opac.crzp.sk/?fn=detailBiblioFormChildK5M1N&sid=7E432E204D1F6C329958823802D8&seo=CRZP-detail-kniha
Tags: Adicionar Tag
Sem tags, seja o primeiro a adicionar uma tag!

MARC

LEADER 00000ntm a22000003a 4500
001 stuzp90885
003 SK-STU
005 20230207093106.0
007 ta
008 150427s2015----xo-----f-mn---000-0-slo-d
040 |a STU  |b slo 
041 0 |a slo 
044 |a xo 
100 1 |a Macák, Nicolas  |u 037000  |4 aut  |U FEI Fakulta elektrotechniky a informatiky  |T FEI Ústav multimediálnych informačných a komunikačných technológií  |X 86223  |U E070  |Y 818  |7 86223 
242 0 1 |a Smart Grid vissualisation in 3D unity environment  |y eng 
245 1 0 |a Vizualizácia Smart Grid v 3D prostredí Unity 
260 |a Bratislava :  |b STU v Bratislave FEI,  |c 2022 
300 |a 61 s., príl. 
650 4 |a Smart Grid  |2 slo 
650 4 |a Unity  |2 slo 
650 4 |a Android  |2 slo 
650 4 |a Mobilná aplikácia  |2 slo 
650 4 |a Smart City  |2 slo 
650 4 |a Mobile application  |2 eng 
650 4 |a Unity  |2 eng 
650 4 |a Smart Grid  |2 eng 
650 4 |a Smart City  |2 eng 
650 4 |a Andorid  |2 eng 
700 1 |a Vančo, Marek  |u 037000  |k Z2  |4 ths  |U FEI Fakulta elektrotechniky a informatiky  |T FEI Ústav multimediálnych informačných a komunikačných technológií  |X 35291  |U E070  |Y 818  |7 A000035291 
856 4 |u https://opac.crzp.sk/?fn=detailBiblioFormChildK5M1N&sid=7E432E204D1F6C329958823802D8&seo=CRZP-detail-kniha